| 000 | 00861cab a2200253 4500 | ||
|---|---|---|---|
| 001 | ABS49972 | ||
| 008 | 090401t1994 xxu||||| |||| 00| 0 eng d | ||
| 035 | _a(Sirsi) u73503 | ||
| 041 | _aeng | ||
| 100 | _aBond, R. | ||
| 245 | _aPutting on a united front | ||
| 260 | _c1994 | ||
| 350 | _a0 | ||
| 490 |
_aSurveyor _v181(5273) 6 January 1994, 10-12(3) |
||
| 520 | _aIntroduces a new grouping of regions adjacent to the Channel Tunnel, known as Euroregion. It comprises Kent, Flanders, Brussels, Wallonia and Nord Pas De Calais. Notes their co-operation in planning and transport issues, particularly in development associated with railways and the Channel Tunnel. | ||
| 650 | _aBELGIUM | ||
| 650 | _aEUROLILLE | ||
| 650 | _aFRANCE | ||
| 650 | _aINTERREG | ||
| 650 | _aTGV | ||
| 690 | _aEUROPE-SINGLE MARKET | ||
| 942 | _n0 | ||
| 948 | _c04/03/1997 | ||
| 999 |
_c46457 _d46457 |
||